000 00890nam a2200265 i 4500
001 13821
003 ES-MaACL
005 20250811081608.0
007 t|
008 980708s1998 sp ||||1| spa d
020 _a84-922335-3-2
080 _a17:32
080 _a32:17
245 0 3 _aLa política desde la ética /
_cEnrique Bonete Perales (coord.) ; Ana María Andaluz Romanillos.
250 _a1ª ed.
260 _aBarcelona :
_bProyecto A,
_c1998.
300 _a2 v. ;
_c24 cm.
490 1 _aCuadernos A. Biblioteca Universitaria ;
_v6.
_aTemas de filosofía política
650 7 _aÉtica política
_2embne
_9136540
700 1 _aBonete Perales, Enrique.
_930142
700 1 _aAndaluz Romanillos, Ana María.
_921422
830 0 0 _aCuadernos A.
_pBiblioteca universitaria
_v6.
_9228354
852 _aES-MaACL
_jL-21292-3
_bR.126556
999 _c13821
_d13821